000 00659nam a22001337a 4500
040 _cRUA
082 _aAGR PHA 2014 B431 Or.1
100 _aPHANN PISEY, ផាន់ ពិសី
245 _aPesticide utilization on vegetables crop in chamcar leu district kampong cham province, ការប្រើប្រាស់ថ្នាំកសិកម្មលើដំណាំបន្លែនៅស្រុកចំការលើខេត្តកំពង់ចាម
260 _aPhnom Penh
_bRUA
_c2014
300 _aix; 56p.
_bill.
_c29cm.
856 _uhttps://drive.google.com/file/d/12BTb8Dji6NOxnVGuuOSO_jppM24oixqL/view?usp=sharing
942 _cAGR
999 _c7084
_d7084